| 000 | 00715nam a22002057a 4500 | ||
|---|---|---|---|
| 003 | OSt | ||
| 005 | 20251024051628.0 | ||
| 008 | 251022b |||||||| |||| 00| 0 eng d | ||
| 020 | _a978-0-521-69034-8. | ||
| 040 |
_aDWCL-Main lib _cOC |
||
| 082 | _aCirc. 341.584 C692i 2007 | ||
| 100 | _aColeman, Katharina P. | ||
| 245 |
_aInternational organisations and peace enforcement : _bthe politics of international legitimacy |
||
| 260 |
_aCambridge : _bCambridge University Press, _cc2007. |
||
| 300 |
_axiii, 360 pages : _billustration ; _c23 cm. |
||
| 504 | _aIncludes bibliographical references and index. | ||
| 504 | _aIncludes index. | ||
| 650 | _21. United Nations-Armed Forces. | ||
| 942 |
_2ddc _cBK-CIRC _kCirc. _n0 |
||
| 999 |
_c4997 _d4997 |
||